| 000 | 01223nam a2200337 i 4500 | ||
|---|---|---|---|
| 005 | 20220317001534.0 | ||
| 007 | ta | ||
| 008 | 210825q2015 sp er 000 pdspa d | ||
| 020 | _a9788498958942 | ||
| 040 |
_aCO-BoRNBP _bspa _cCO-BoRNBP _erda |
||
| 041 | 0 | _aspa | |
| 084 | _aP DIA6 | ||
| 100 | 1 |
_aDíaz Granados, Federico _d1974- _eautor |
|
| 245 | 1 | 4 |
_aLas prisas del instante _cFederico Díaz-Granados |
| 264 | 1 |
_aMadrid _bVisor Libros _c[2015] |
|
| 300 |
_a81 páginas _c21 cm |
||
| 336 |
_atexto _btxt _2rdacontent |
||
| 337 |
_asin mediación _bn _2rdamedia |
||
| 338 |
_avolumen _bnc _2rdacarrier |
||
| 490 | 0 |
_aColección Visor de Poesía. Serie de Viva Voz _v894 |
|
| 500 | _aLa fecha es tomada de la página del ISBN Español: http://www.mcu.es/webISBN/back.do?cacheNum=3 | ||
| 521 | _aRecomendado para un público adulto | ||
| 545 | _aIncluye datos biográficos del autor en la contracarátula del texto | ||
| 650 | 1 | 7 |
_aPoesía colombiana _ySiglo XX _2LEMB |
| 650 | 1 | 7 |
_aLiteratura colombiana _ySiglo XX _2LEMB |
| 650 | 1 | 7 |
_aAutores colombianos _ySiglo XX _2LEMB |
| 650 | 1 | 7 |
_aEmociones _vPoesía _2LEMB |
| 650 | 1 | 7 |
_aTiempo _vPoesía _2LEMB |
| 650 | 1 | 7 |
_aTristeza _vPoesía _2LEMB |
| 942 |
_2loc _cBKLIT |
||
| 999 |
_c7291 _d7291 |
||